Kratšia epika zo života dedinského ľudu / (Record no. 21384)
[ view plain ]
| 000 -LEADER | |
|---|---|
| fixed length control field | 00695nam a22002051 4500 |
| 001 - CONTROL NUMBER | |
| control field | 21384 |
| 003 - CONTROL NUMBER IDENTIFIER | |
| control field | CZ PrNK |
| 005 - DATE AND TIME OF LATEST TRANSACTION | |
| control field | 20260228121906.0 |
| 008 - FIXED-LENGTH DATA ELEMENTS--GENERAL INFORMATION | |
| fixed length control field | 020417s1956 xo slo |
| 040 ## - CATALOGING SOURCE | |
| Original cataloging agency | ABA001 |
| Language of cataloging | cze |
| Transcribing agency | ABA001 |
| Modifying agency | ABA001 |
| 100 1# - MAIN ENTRY--PERSONAL NAME | |
| Personal name | Hviezdoslav, Pavol Országh, |
| Dates associated with a name | 1849-1921 |
| Relationship | aut |
| 245 10 - TITLE STATEMENT | |
| Title | Kratšia epika zo života dedinského ľudu / |
| Statement of responsibility, etc. | Hviezdoslav ; Ed. pripr. a pozn. doplnil Andrej Kostolný |
| 260 ## - PUBLICATION, DISTRIBUTION, ETC. | |
| Place of publication, distribution, etc. | Bratislava : |
| Name of publisher, distributor, etc. | [s.n.], |
| Date of publication, distribution, etc. | 1956 |
| 300 ## - PHYSICAL DESCRIPTION | |
| Extent | 474 s. |
| 490 1# - SERIES STATEMENT | |
| Series statement | Spisy v 12 zväzkoch (Hviezdoslav, P.O.) ; |
| Volume/sequential designation | Zv. 10 |
| 700 1# - ADDED ENTRY--PERSONAL NAME | |
| Personal name | Kostolný, Andrej, |
| Dates associated with a name | 1903-1984 |
| Relationship | com |
| 830 #0 - SERIES ADDED ENTRY--UNIFORM TITLE | |
| Uniform title | Spisy v 12 zväzkoch (Hviezdoslav, P.O.) |
| 910 ## - USER-OPTION DATA (OCLC) | |
| User-option data | ABA001 |
| 942 ## - ADDED ENTRY ELEMENTS (KOHA) | |
| Source of classification or shelving scheme | Dewey Decimal Classification |
| Koha item type | Krásna literatúra pre dospelých |
| Suppress in OPAC | No |
| Stav vyradenia | Strata | Poškodenie | Spôsob nadobudnutia | Domovská knižnica | Aktuálna knižnica | Dátum nadobudnutia | Total checkouts | Čiarový kód exemplára | Date last seen | Typ exemplára |
|---|---|---|---|---|---|---|---|---|---|---|
| Dar | Obecná knižnica Horná Štubňa | Obecná knižnica Horná Štubňa | 28.02.2026 | 4736201561 | 28.02.2026 | Krásna literatúra pre dospelých |
